[Event "Wch U20 40th"]
[Site "Peristeri"]
[Date "2001.08.29"]
[Round "13"]
[White "Mastrovasilis, Dimitrios"]
[Black "Du, Shan"]
[Result "1/2-1/2"]
[WhiteElo "2435"]
[BlackElo "2352"]
[PlyCount "33"]
[EventDate "2001.08.16"]
[EventType "swiss"]
[EventRounds "13"]
[EventCountry "GRE"]
[SourceTitle "EXT 2002"]
[Source "ChessBase"]
[SourceDate "2001.11.25"]
[SourceVersion "1"]
[SourceVersionDate "2001.11.25"]
[SourceQuality "1"]

1. e4 c5 2. Nf3 d6 3. d4 cxd4 4. Nxd4 Nf6 5. f3 e5 6. Nb3 Be6 7. c4 Qc7 8. Nc3 Bxc4 9. Bxc4 Qxc4 10. Bg5 Nbd7 11. Rc1 Qb4 12. Be3 Nc5 13. Bxc5 dxc5 14. a3 Qb6 15. Na4 Qc6 16. Naxc5 Bxc5 17. Nxc5 1/2-1/2

[Event "Wch U20 40th"]
[Site "Peristeri"]
[Date "2001.08.28"]
[Round "12"]
[White "Du, Shan"]
[Black "Schenk, Andreas"]
[Result "1/2-1/2"]
[WhiteElo "2352"]
[BlackElo "2455"]
[PlyCount "60"]
[EventDate "2001.08.16"]
[EventType "swiss"]
[EventRounds "13"]
[EventCountry "GRE"]
[SourceTitle "EXT 2002"]
[Source "ChessBase"]
[SourceDate "2001.11.25"]
[SourceVersion "1"]
[SourceVersionDate "2001.11.25"]
[SourceQuality "1"]

1. c4 e6 2. Nc3 c5 3. e4 Nc6 4. g3 g6 5. Bg2 Bg7 6. Nge2 Nge7 7. 0-0 b6 8. d3 Bb7 9. Be3 d6 10. d4 0-0 11. f4 a6 12. Rc1 Ra7 13. b3 Ba8 14. d5 exd5 15. cxd5 Nb8 16. f5 Nd7 17. Qd2 Kh8 18. g4 Be5 19. Bf4 f6 20. Bxe5 Nxe5 21. Nf4 Rf7 22. fxg6 N7xg6 23. h3 Nxf4 24. Rxf4 Rg7 25. Rcf1 Raf7 26. Ne2 h5 27. gxh5 Bb7 28. R4f2 Bc8 29. Nf4 Qe7 30. Kh1 Kh7 1/2-1/2

[Event "Wch U20 40th"]
[Site "Peristeri"]
[Date "2001.08.24"]
[Round "8"]
[White "Bunzmann, Dimitrij"]
[Black "Du, Shan"]
[Result "0-1"]
[WhiteElo "2509"]
[BlackElo "2352"]
[PlyCount "60"]
[EventDate "2001.08.16"]
[EventType "swiss"]
[EventRounds "13"]
[EventCountry "GRE"]
[SourceTitle "EXT 2002"]
[Source "ChessBase"]
[SourceDate "2001.11.25"]
[SourceVersion "1"]
[SourceVersionDate "2001.11.25"]
[SourceQuality "1"]

1. d4 d6 2. g3 f5 3. Bg2 Nf6 4. Nc3 d5 5. Nh3 e6 6. 0-0 Be7 7. f3 c5 8. dxc5 Bxc5+ 9. Kh1 Nc6 10. e4 d4 11. Na4 Be7 12. Qe2 fxe4 13. fxe4 e5 14. Ng5 0-0 15. Qc4+ Kh8 16. Nf7+ Rxf7 17. Qxf7 b5 18. Nc5 Bxc5 19. Rxf6 Qxf6 20. Qe8+ Bf8 21. Bg5 Qd6 22. Rf1 Bb7 23. Qf7 Be7 24. h4 Rb8 25. Bh3 Bxg5 26. hxg5 Ne7 27. Rf6 gxf6 28. gxf6 Bxe4+ 29. Kh2 Rg8 30. Be6 Bg6 0-1

[Event "Wch U20 40th"]
[Site "Peristeri"]
[Date "2001.08.23"]
[Round "7"]
[White "Du, Shan"]
[Black "Alvarez Marquez, Johan"]
[Result "1/2-1/2"]
[WhiteElo "2352"]
[BlackElo "2382"]
[PlyCount "112"]
[EventDate "2001.08.16"]
[EventType "swiss"]
[EventRounds "13"]
[EventCountry "GRE"]
[SourceTitle "EXT 2002"]
[Source "ChessBase"]
[SourceDate "2001.11.25"]
[SourceVersion "1"]
[SourceVersionDate "2001.11.25"]
[SourceQuality "1"]

1. e4 c5 2. c4 Nc6 3. Nc3 g6 4. g3 Bg7 5. Bg2 e6 6. Nge2 d6 7. d3 Nge7 8. 0-0 0-0 9. Rb1 Rb8 10. a3 a6 11. b4 cxb4 12. axb4 b5 13. cxb5 axb5 14. d4 d5 15. e5 f6 16. exf6 Bxf6 17. g4 Qb6 18. Be3 Bd7 19. Qd3 Rb7 20. Rfd1 Ra8 21. Rb3 Be8 22. Qd2 Bf7 23. Nf4 Kh8 24. Nce2 Rba7 25. Kh1 Nc8 26. Nd3 Ra2 27. Rb2 Qa6 28. Rxa2 Qxa2 29. Qxa2 Rxa2 30. Nc3 Ra3 31. Nxb5 Rb3 32. Bf1 g5 33. Rc1 N8e7 34. Nd6 Bg6 35. Nc5 Rxb4 36. Nxe6 h6 37. Nf8 Bb1 38. Nd7 Bxd4 39. Bxd4+ Nxd4 40. Bg2 Bc2 41. Re1 Rb1 42. Rxb1 Bxb1 43. Nb6 Ba2 44. h4 Kg7 45. hxg5 hxg5 46. Ne8+ Kf7 47. Nc7 Kf6 48. Ncxd5+ Nxd5 49. Bxd5 Bxd5+ 50. Nxd5+ Ke5 51. Ne3 Kf4 52. Kg2 Nf3 53. Kh3 Ne5 54. Nd5+ Kf3 55. Nf6 Kxf2 56. Ne4+ Ke3 1/2-1/2

[Event "Wch U20 40th"]
[Site "Peristeri"]
[Date "2001.08.21"]
[Round "6"]
[White "Sedlak, Nikola"]
[Black "Du, Shan"]
[Result "1/2-1/2"]
[WhiteElo "2457"]
[BlackElo "2352"]
[PlyCount "120"]
[EventDate "2001.08.16"]
[EventType "swiss"]
[EventRounds "13"]
[EventCountry "GRE"]
[SourceTitle "EXT 2002"]
[Source "ChessBase"]
[SourceDate "2001.11.25"]
[SourceVersion "1"]
[SourceVersionDate "2001.11.25"]
[SourceQuality "1"]

1. e4 c5 2. Nf3 a6 3. c4 d6 4. d4 cxd4 5. Nxd4 Nf6 6. Nc3 e6 7. Bd3 Be7 8. 0-0 0-0 9. b3 b6 10. Bb2 Bb7 11. Qe2 Nbd7 12. Rad1 Qc7 13. Kh1 Rfe8 14. f4 Bf8 15. Nf3 e5 16. fxe5 dxe5 17. Nd5 Bxd5 18. cxd5 b5 19. Nh4 Qd8 20. Bb1 g6 21. Bc1 Bg7 22. g3 Qb6 23. Rf3 Qd6 24. Rdf1 Rf8 25. Bd2 Rab8 26. h3 Nc5 27. g4 Nfd7 28. Qf2 f6 29. Rg1 b4 30. Ng2 a5 31. Rg3 Kh8 32. h4 Qb6 33. Be3 Rfc8 34. Ne1 Qd6 35. Qg2 a4 36. Bc2 axb3 37. axb3 Nb7 38. g5 fxg5 39. Nf3 gxh4 40. Nxh4 Nf8 41. Qh2 Qd7 42. Bd1 Rc3 43. Bg4 Qc7 44. Be6 Rxe3 45. Rxe3 Nxe6 46. dxe6 Kg8 47. Nf3 Nc5 48. Qh3 Qe7 49. Ng5 Bf6 50. Reg3 Bxg5 51. Rxg5 Nxe6 52. Rxe5 Re8 53. Rf1 Kg7 54. Qg4 Qd6 55. Rd5 Qc6 56. Qh4 Nf8 57. Rd4 Nd7 58. Rc4 Qd6 59. Qf4 Qe6 60. Rc7 Kg8 1/2-1/2

[Event "Wch U20 40th"]
[Site "Peristeri"]
[Date "2001.08.20"]
[Round "5"]
[White "Du, Shan"]
[Black "Pert, Nicholas"]
[Result "1/2-1/2"]
[WhiteElo "2352"]
[BlackElo "2475"]
[PlyCount "96"]
[EventDate "2001.08.16"]
[EventType "swiss"]
[EventRounds "13"]
[EventCountry "GRE"]
[SourceTitle "EXT 2002"]
[Source "ChessBase"]
[SourceDate "2001.11.25"]
[SourceVersion "1"]
[SourceVersionDate "2001.11.25"]
[SourceQuality "1"]

1. d4 d5 2. Nf3 Nf6 3. Bg5 Ne4 4. Bf4 c5 5. e3 Nc6 6. c3 Qb6 7. Qb3 c4 8. Qxb6 axb6 9. Nbd2 Nxd2 10. Nxd2 b5 11. e4 e6 12. Be2 b4 13. Bf3 Ra5 14. Bc7 Rb5 15. a4 bxa3 16. bxa3 Kd7 17. a4 Rb2 18. Bf4 Bd6 19. Be3 Ne7 20. 0-0 f5 21. exd5 exd5 22. g3 Rf8 23. Rfb1 Rc2 24. Rc1 Rxc1+ 25. Rxc1 f4 26. gxf4 Bxf4 27. Kg2 h6 28. Bxf4 Rxf4 29. Rb1 Kc7 30. Re1 Kd6 31. Rb1 Kc7 32. Re1 Rf7 33. Re5 Bd7 34. Kg1 Bc6 35. a5 Kd6 36. Bg4 Bd7 37. Bf3 Be6 38. Re1 Nc6 39. Ra1 Rf8 40. Rb1 Kc7 41. Rb5 Na7 42. Rb6 Nc6 43. Rb5 Na7 44. Rb6 Rf6 45. Bg2 Nc6 46. Rb5 Na7 47. Rb6 Nc6 48. Rb5 Na7 1/2-1/2

[Event "Wch U20 40th"]
[Site "Peristeri"]
[Date "2001.08.18"]
[Round "3"]
[White "Du, Shan"]
[Black "Postny, Evgeny"]
[Result "1/2-1/2"]
[WhiteElo "2352"]
[BlackElo "2486"]
[PlyCount "133"]
[EventDate "2001.08.16"]
[EventType "swiss"]
[EventRounds "13"]
[EventCountry "GRE"]
[SourceTitle "EXT 2002"]
[Source "ChessBase"]
[SourceDate "2001.11.25"]
[SourceVersion "1"]
[SourceVersionDate "2001.11.25"]
[SourceQuality "1"]

1. d4 d5 2. Nf3 c6 3. c3 Nf6 4. Bg5 Ne4 5. Bf4 Bf5 6. Nbd2 e6 7. e3 Nd7 8. Nxe4 Bxe4 9. Nd2 Bg6 10. Be2 c5 11. 0-0 Be7 12. dxc5 Nxc5 13. b4 Nd7 14. c4 Bf6 15. cxd5 Bxa1 16. Qxa1 0-0 17. dxe6 fxe6 18. Bc4 Qe7 19. Qd4 Rfd8 20. Bc7 Rdc8 21. Bd6 Qe8 22. Nf3 Nb6 23. Be2 Rc2 24. Bd1 Rc4 25. Qe5 Rc6 26. Bb3 Nc4 27. Bxc4 Rxc4 28. Bc5 Qd7 29. Qg3 Rc2 30. Ne5 Qe8 31. a3 Rc8 32. h3 b6 33. Bd4 R8c7 34. Kh2 Bh5 35. f3 h6 36. Rf2 Rxf2 37. Qxf2 Qe7 38. Qa2 Qd6 39. Qf2 Be8 40. Qg3 Rc2 41. Qg4 Ra2 42. Kh1 Qe7 43. Ng6 Bxg6 44. Qxg6 Qf7 45. Qg4 Kh7 46. f4 Qg6 47. Qf3 Rxa3 48. Kh2 Ra2 49. b5 h5 50. e4 Ra4 51. Qd3 h4 52. Kh1 Ra2 53. Qf3 Rc2 54. Bf2 Rc1+ 55. Kh2 Rc4 56. Bxh4 Rxe4 57. Be7 Rc4 58. Bd6 Rd4 59. Be5 Rd5 60. Qe2 Qf5 61. Qc4 Rc5 62. Qa4 Rxe5 63. fxe5 Qxe5+ 64. Kh1 Qe1+ 65. Kh2 Qe5+ 66. Kh1 Kg6 67. Qg4+ 1/2-1/2

[Event "CHN-chT"]
[Site "Suzhou"]
[Date "2001.04.04"]
[Round "9"]
[White "Du, Shan"]
[Black "Hong, Jiarong"]
[Result "1/2-1/2"]
[WhiteElo "2346"]
[BlackElo "2130"]
[PlyCount "127"]
[EventDate "2001.03.02"]
[EventType "team"]
[EventRounds "10"]
[EventCountry "CHN"]
[SourceTitle "EXT 2002"]
[Source "ChessBase"]
[SourceDate "2001.11.25"]
[SourceVersion "1"]
[SourceVersionDate "2001.11.25"]
[SourceQuality "1"]

1. e4 c5 2. Nf3 Nc6 3. Bb5 g6 4. 0-0 Nf6 5. Re1 Bg7 6. c3 a6 7. Bf1 e5 8. d4 cxd4 9. cxd4 exd4 10. Nxd4 0-0 11. e5 Nxd4 12. Qxd4 Ne8 13. Nc3 d6 14. Bf4 Be6 15. Qe3 dxe5 16. Bxe5 Bxe5 17. Qxe5 Qc7 18. Qg5 Qd8 19. Qe3 Nf6 20. Rad1 Qc7 21. Qd4 Ng4 22. g3 Rad8 23. Qb4 Ne5 24. Qe4 Rxd1 25. Rxd1 Re8 26. Qf4 Re7 27. Bg2 Nc4 28. Qh6 Rd7 29. Rxd7 Bxd7 30. Ne4 Qe5 31. Ng5 Nd6 32. Qxh7+ Kf8 33. Qh6+ Kg8 34. Qh7+ Kf8 35. Qh6+ Kg8 36. h4 Qxb2 37. Nh3 Bxh3 38. Bxh3 Qxa2 39. h5 Qb1+ 40. Kh2 Qe4 41. Qd2 Qe5 42. hxg6 fxg6 43. f4 Qf6 44. Qd5+ Kg7 45. Be6 Nf7 46. Qd7 Kf8 47. Qc8+ Nd8 48. Bd5 b5 49. Qc7 Qh8+ 50. Kg2 Qf6 51. Kh2 Ke8 52. Qc5 Qe7 53. Qd4 Qd6 54. Qh8+ Kd7 55. Qg7+ Kc8 56. Be4 Qd2+ 57. Kh3 Qd7+ 58. Qxd7+ Kxd7 59. Kg2 g5 60. fxg5 Ne6 61. g6 Ke7 62. Kf2 Nc5 63. Bb1 a5 64. Ke3 1/2-1/2

[Event "CHN-chT"]
[Site "Suzhou"]
[Date "2001.03.28"]
[Round "3"]
[White "Yu, Shaoteng"]
[Black "Du, Shan"]
[Result "1/2-1/2"]
[WhiteElo "2493"]
[BlackElo "2346"]
[PlyCount "73"]
[EventDate "2001.03.02"]
[EventType "team"]
[EventRounds "10"]
[EventCountry "CHN"]
[SourceTitle "EXT 2002"]
[Source "ChessBase"]
[SourceDate "2001.11.25"]
[SourceVersion "1"]
[SourceVersionDate "2001.11.25"]
[SourceQuality "1"]

1. e4 c5 2. Nf3 Nc6 3. Bb5 g6 4. Bxc6 dxc6 5. d3 Bg7 6. h3 b6 7. 0-0 e5 8. Nbd2 Nh6 9. Nc4 f6 10. Be3 Nf7 11. a3 0-0 12. b4 cxb4 13. axb4 Be6 14. Nfd2 f5 15. f3 f4 16. Bf2 g5 17. Ra6 Qe7 18. Qa1 Qb7 19. Rb1 h5 20. Ra3 g4 21. hxg4 hxg4 22. fxg4 Bxg4 23. Bh4 Rfe8 24. Bf2 b5 25. Na5 Qd7 26. Nab3 Qd6 27. Rxa7 Rxa7 28. Qxa7 Qxb4 29. Qc5 Qxc5 30. Bxc5 Ra8 31. Ra1 Rxa1+ 32. Nxa1 Nd8 33. Nf3 Nb7 34. Bb6 Kf7 35. Nb3 Bh5 36. Kf2 Ke7 37. Nc5 1/2-1/2

[Event "Asia-chT fin 12th"]
[Site "Shenyang"]
[Date "1999.10.14"]
[Round "6"]
[White "Du, Shan"]
[Black "Mamadshoev, Marat"]
[Result "1-0"]
[WhiteElo "2327"]
[BlackElo "2242"]
[PlyCount "69"]
[EventDate "1999.10.10"]
[EventType "team"]
[EventRounds "9"]
[EventCountry "CHN"]
[SourceTitle "EXT 2000"]
[Source "ChessBase"]
[SourceDate "1999.11.16"]
[SourceVersion "1"]
[SourceVersionDate "1999.11.16"]
[SourceQuality "1"]
[WhiteTeam "China III"]
[BlackTeam "Tajikistan"]
[WhiteTeamCountry "CHN"]
[BlackTeamCountry "TJK"]

1. c4 Nf6 2. Nc3 g6 3. e4 d6 4. g3 Bg7 5. Bg2 0-0 6. Nge2 e5 7. 0-0 Nc6 8. d3 Bd7 9. Nd5 Nxd5 10. cxd5 Ne7 11. d4 c6 12. dxe5 dxe5 13. Be3 cxd5 14. exd5 Nf5 15. Bc5 Re8 16. Nc3 b6 17. Ba3 Rc8 18. Ne4 Rc4 19. Rc1 Bb5 20. Re1 Qd7 21. Rxc4 Bxc4 22. g4 Nh4 23. Nd6 Nxg2 24. Kxg2 Ba6 25. Nxe8 Qxe8 26. d6 Bb7+ 27. f3 Qd7 28. h3 f5 29. Qb3+ Kh8 30. Qc4 e4 31. Qc7 exf3+ 32. Kh2 Qxc7 33. Re8+ Bf8 34. dxc7 f2 35. c8Q 1-0